00277nam a2200109Ia 4500008004100000041001200041082001100053100002000064245007000084260000600154650000700160221030s9999 xx 000 0 und d aEnglish a105.23 aR Narayanaswamy 0aFinancial Accounting A Managerial Perspectingcby R Narayanaswamy c0 aMc